| 000 | 00877nam a2200229Ia 4500 | ||
|---|---|---|---|
| 008 | 130821s2003 ck gr spa | ||
| 020 | _a9589732747 | ||
| 040 |
_aCo-BoUCM _bspa |
||
| 041 | 0 | 0 | _aspa |
| 245 | 1 | 0 |
_aElementos para una criminología local políticas de prevención del crimen y la violencia en ámbitos urbanos _ccompilador, María Victoria Llorente...[et al] |
| 260 |
_aBogotá (Colombia) _bSecretaria de Gobierno de Bogotá _c2003 |
||
| 300 | _a424 páginas | ||
| 650 | 0 | 4 |
_aCriminología _912152 |
| 650 | 0 | 4 |
_aPolítica pública _922011 |
| 650 | 0 | 4 |
_aPrevención del delito _922272 |
| 650 | 0 | 4 |
_aViolencia _9422 |
| 700 | 1 |
_aHolguín, María Cristina _etrad. _9164892 |
|
| 700 | 1 |
_aLlorente, Maria Victoria _ecomp. _9139417 |
|
| 700 | 1 |
_aRubio, Mauricio _ecomp. _928415 |
|
| 942 |
_cLIBRO _a5 _e1 _mE389e _2DEWEY _h364.4 |
||
| 999 |
_c59207 _d59207 |
||